00956nam a2200205 a 450000100100000000500170001000800410002702000180006804000250008608200260011111000320013724000160016924500570018526000800024230000200032295201380034295201240048095201290060499900170073300004895120201002061533.0190507s2016 dr r 000 0 spa d a9789945900316 aDO-SdBNPbspacBNPHU a346.0482bR426L, 201610aRepública Dominicana944710a[Ley, etc.]10aLey sobre la seguridad de la biotecnología 219-15. aSanto Domingo :bMinisterio de Medio Ambiente y Recursoso Naturales,c2016. a38 p. ;c22 cm. 001054708DSaGRbGRcHDd2019-05-07iLF1l0o346.0482 R426L, 2016p48951-30r2020-06-25te.3w2020-06-25yLFDSZPréstamo en sala 0010718PDaPDbPDcHDd2019-05-07iLF1l0o346.0482 R426L, 2016p48951-10r2020-06-25w2020-06-25yLFPDZNo se presta 0010718PDaPDbPDcHDd2019-05-07iLF1l0o346.0482 R426L, 2016p48951-20r2020-06-25te.2w2020-06-25yLFPDZNo se presta c48439d48439